Search the Library Catalogue
| 000 -LEADER | |
|---|---|
| fixed length control field | 00607nam a2200181 a 4500 |
| 008 - FIXED-LENGTH DATA ELEMENTS--GENERAL INFORMATION | |
| fixed length control field | 251204s1975##################000#0#eng## |
| 082 04 - DEWEY DECIMAL CLASSIFICATION NUMBER | |
| Classification number | 593.9 |
| Item number | KAN |
| 100 1# - MAIN ENTRY--AUTHOR NAME | |
| Personal name | கந்தசுவாமி, சி. கு. - Kantacuvāmi, ci. Ku., |
| 245 10 - TITLE STATEMENT | |
| Title | முள்தோலிகள் - Muḷtōḷikaḷ ஆசிரியர் சி. கு. கந்தசுவாமி : |
| 260 ## - PUBLICATION, DISTRIBUTION, ETC. (IMPRINT) | |
| Year of publication | 1975. |
| 300 ## - PHYSICAL DESCRIPTION | |
| Number of Pages | [iv], 63 p. ill. |
| 500 ## - GENERAL NOTE | |
| General note | Includes bibliographical references |
| 942 ## - ADDED ENTRY ELEMENTS (KOHA) | |
| Koha item type | Reference |
| Withdrawn status | Lost status | Damaged status | Not for loan | Home library | Current library | Shelving location | Date acquired | Full call number | Accession Number | Price effective from | Koha item type |
|---|---|---|---|---|---|---|---|---|---|---|---|
| Anna Centenary Library | Anna Centenary Library | COMPETITIVE SECTION - SEVENTH FLOOR | 04.12.2025 | 593.9 KAN | G015179 | 04.12.2025 | Reference |